000 00934cam a22002534a 4500
001 16015999
005 20180308084628.0
008 091210s2011 nyua 001 0 eng
010 _a 2009050020
020 _a9780073377537 (student edition : alk. paper)
020 _a0073377538 (student edition : alk. paper)
020 _a9780077327842 (teacher's edition : alk. paper)
020 _a0077327845 (teacher's edition : alk. paper)
040 _aDLC
_cDLC
_dDLC
041 _aeng
080 _a650.01513 SLA
082 0 0 _a650.01513 SLA
_222
100 1 _a57
101 _aBIZ
245 1 0 _aPractical business math procedures /
_cJeffrey Slater, Sharon Meyer.
906 _a7
_bcbc
_corignew
_d1
_eecip
_f20
_gy-gencatlg
942 _2ddc
_cBK
999 _c44507
_d44507